[Event "21st Asia-ch (w)"]
[Site "Chengdu CHN"]
[Date "2017.05.17"]
[Round "6.10"]
[White "Luong Phuong Hanh"]
[Black "Nguyen Thi Thanh An"]
[Result "1/2-1/2"]
[WhiteElo "2224"]
[BlackElo "2280"]
[EventDate "2017.05.12"]
[PlyCount "142"]

1.d4 Nf6 2.Nf3 d5 3.c4 dxc4 4.e3 a6 5.a4 e6 6.Bxc4 c5 7.O-O Nc6 8.Qe2 cxd4
9.Rd1 Be7 10.exd4 O-O 11.Nc3 Nb4 12.Ne5 Bd7 13.d5 exd5 14.Nxd5 Nbxd5 15.
Bxd5 Nxd5 16.Rxd5 Bg4 17.Qc4 Qxd5 18.Qxd5 Rad8 19.Qd2 Rxd2 20.Bxd2 Rd8 21.
Bc3 Rd1+ 22.Rxd1 Bxd1 23.a5 Be2 24.Nd7 f6 25.Bd4 Bb5 26.Nc5 Bc6 27.f3 Kf7 
28.Kf2 Bd6 29.g3 Ke7 30.Ke3 Bc7 31.b4 Kd6 32.Nd3 Bd5 33.Bc5+ Kc6 34.Bf8 g6
35.Be7 f5 36.f4 Kb5 37.Kd4 Bg2 38.Nc5 Bb8 39.Kc3 Ba7 40.Bf8 b6 41.axb6 
Bxb6 42.Ne6 Bg1 43.Bc5 Bxc5 44.bxc5 a5 45.Nf8 Kxc5 46.Nxh7 Bd5 47.Nf8 Bf7 
48.h3 Kd5 49.g4 Ke4 50.Nxg6 Bxg6 51.gxf5 Bxf5 52.Kb3 Bd7 53.h4 Kxf4 54.h5 
Kg5 55.h6 Kxh6 56.Kb2 Kg5 57.Ka1 Kf4 58.Kb2 Ke3 59.Ka1 Kd2 60.Kb2 Bb5 61.
Ka1 Kc3 62.Ka2 Kb4 63.Ka1 Ka3 64.Kb1 Bc4 65.Ka1 a4 66.Kb1 Ba2+ 67.Ka1 Bd5 
68.Kb1 Kb3 69.Ka1 a3 70.Kb1 Kc3 71.Ka1 Kc2 1/2-1/2

[Event "21st Asia-ch (w)"]
[Site "Chengdu CHN"]
[Date "2017.05.17"]
[Round "6.15"]
[White "Swathi, Ghate"]
[Black "Doan Thi Van Anh"]
[Result "1-0"]
[WhiteElo "2280"]
[BlackElo "1997"]
[EventDate "2017.05.12"]
[PlyCount "55"]

1.e4 d5 2.exd5 Qxd5 3.Nc3 Qa5 4.d4 Nf6 5.Bc4 c6 6.Bd2 Bf5 7.Qe2 Bxc2 8.Nf3
Bg6 9.O-O Qc7 10.d5 cxd5 11.Nxd5 Nxd5 12.Bxd5 Qd7 13.Rac1 Qxd5 14.Rc8+ Kd7
15.Rfc1 Nc6 16.Rxa8 Bd3 17.Qe3 f6 18.Rxc6 bxc6 19.Ba5 Qxa5 20.Rxa7+ Qxa7 
21.Qxa7+ Ke8 22.Qb8+ Kd7 23.Qa7+ Ke8 24.Nd4 Be4 25.Qc7 c5 26.Qc8+ Kf7 27.
Qe6+ Ke8 28.Nb5 1-0

[Event "21st Asia-ch (w)"]
[Site "Chengdu CHN"]
[Date "2017.05.17"]
[Round "6.16"]
[White "Wen Yili"]
[Black "Uuriintuya, Uurtsaikh"]
[Result "0-1"]
[WhiteElo "1723"]
[BlackElo "2251"]
[EventDate "2017.05.12"]
[PlyCount "50"]

1.d4 Nf6 2.c4 c5 3.d5 b5 4.cxb5 a6 5.bxa6 Qa5+ 6.Nc3 Bxa6 7.g3 g6 8.Bg2 d6
9.Nf3 Bg7 10.O-O O-O 11.Re1 Nbd7 12.h3 Rfb8 13.Qc2 Qb4 14.e4 Ne8 15.Bf1 
Nc7 16.Bxa6 Rxa6 17.Re2 Nb5 18.Nxb5 Qxb5 19.a3 c4 20.Ra2 Nc5 21.Be3 Nd3 
22.Bd4 Nb4 23.axb4 Rxa2 24.Bxg7 Kxg7 25.Nd4 Qxb4 0-1

[Event "21st Asia-ch (w)"]
[Site "Chengdu CHN"]
[Date "2017.05.17"]
[Round "6.19"]
[White "Zhao Shengxin"]
[Black "Omurbekova, Diana"]
[Result "1-0"]
[WhiteElo "2155"]
[BlackElo "1822"]
[EventDate "2017.05.12"]
[PlyCount "105"]

1.d4 Nf6 2.Nf3 g6 3.c4 Bg7 4.g3 O-O 5.Bg2 d6 6.O-O Nbd7 7.Nc3 c6 8.b3 Re8 
9.Bb2 e5 10.e4 Qc7 11.Qc2 Nf8 12.h3 Nh5 13.Rad1 f5 14.exf5 gxf5 15.dxe5 
dxe5 16.Nh4 Qf7 17.Rfe1 Ng6 18.Nxg6 hxg6 19.Kh2 Bh6 20.Nb1 e4 21.Nd2 Qc7 
22.Nf1 Bg5 23.Kg1 Be6 24.c5 Bd5 25.Ne3 Qf7 26.Bf1 Kh7 27.Nc4 Qe6 28.Nd6 
Re7 29.Bc4 Rf8 30.Bc1 Bf6 31.Qd2 Bg7 32.Bxd5 cxd5 33.Qxd5 Qd7 34.Bg5 Nf6 
35.Qc4 Qc6 36.b4 Rc7 37.Bxf6 Bxf6 38.Nb5 Rd7 39.Nd6 b6 40.Rd5 b5 41.Qb3 
Rfd8 42.Red1 Be7 43.h4 a6 44.h5 Bxd6 45.Rxd6 Rxd6 46.Qf7+ Kh6 47.Rxd6 Rxd6
48.Qf8+ Kxh5 49.Qxd6 Qc8 50.c6 g5 51.c7 Qh8 52.g4+ Kxg4 53.Qg3+ 1-0

[Event "21st Asia-ch (w)"]
[Site "Chengdu CHN"]
[Date "2017.05.17"]
[Round "6.20"]
[White "Atabaeva, Gozel"]
[Black "Ning Kaiyu"]
[Result "1-0"]
[WhiteElo "1990"]
[BlackElo "2134"]
[EventDate "2017.05.12"]
[PlyCount "91"]

1.e4 e6 2.d4 d5 3.Nd2 dxe4 4.Nxe4 Bd7 5.c3 Bc6 6.Ng3 Nf6 7.Nf3 Nbd7 8.Bd3 
Be7 9.Qe2 O-O 10.Bd2 Rb8 11.O-O-O Bxf3 12.Qxf3 c5 13.Bf4 Rc8 14.dxc5 Nd5 
15.Kb1 Bxc5 16.Ne4 Qb6 17.Ka1 f5 18.Nd2 Qc6 19.Rhe1 Kh8 20.Nc4 Be7 21.Ne5 
Nxe5 22.Bxe5 Bf6 23.Bc2 Bxe5 24.Rxe5 Nb4 25.Bb3 Qc7 26.Rxe6 Nc6 27.Red6 
Na5 28.Be6 Rce8 29.Qd5 Nc6 30.a3 Qb6 31.Qd2 Rd8 32.Qf4 Rxd6 33.Rxd6 Qc7 
34.g3 h6 35.Rd7 Qb6 36.Qd2 Ne5 37.Rd6 Qc7 38.Qd5 Nc6 39.f4 Qb6 40.Qd2 Qb5 
41.Ka2 a5 42.Qd3 Qc5 43.Rd5 Qb6 44.Bxf5 Ne7 45.Rd6 Qc5 46.Be4 1-0

[Event "21st Asia-ch (w)"]
[Site "Chengdu CHN"]
[Date "2017.05.17"]
[Round "6.21"]
[White "Nie Xin"]
[Black "Song Yuxin"]
[Result "1/2-1/2"]
[WhiteElo "2045"]
[BlackElo "1977"]
[EventDate "2017.05.12"]
[PlyCount "109"]

1.d4 Nf6 2.c4 e6 3.Nc3 Bb4 4.Qc2 d5 5.cxd5 exd5 6.Bg5 h6 7.Bh4 g5 8.Bg3 
Nc6 9.e3 h5 10.f3 Qe7 11.Qd2 Bf5 12.Bb5 a6 13.Bxc6+ bxc6 14.Nge2 Bd6 15.
Rc1 h4 16.Bxd6 cxd6 17.h3 Nh5 18.Nd1 Rc8 19.Nf2 f6 20.Rc3 O-O 21.O-O Rfe8 
22.Rfc1 Qd7 23.b4 Qb7 24.a3 Qb5 25.Rf1 Kh8 26.Ng4 Rc7 27.Nh6 Bh7 28.Ng4 
Bf5 29.Rf2 Kg7 30.f4 Be4 31.fxg5 fxg5 32.Rc1 Qd3 33.Nc3 Qxd2 34.Rxd2 Bf5 
35.Rf2 Kg6 36.Rf3 Ng3 37.Nh2 Rce7 38.Re1 Bd3 39.Ng4 Bf5 40.Nf2 Re6 41.Nh1 
g4 42.hxg4 Bxg4 43.Rf4 Rxe3 44.Rxe3 Rxe3 45.Rxg4+ Kh5 46.Rxg3 hxg3 47.Ne2 
Rxa3 48.Nhxg3+ Kg4 49.Kf2 Rb3 50.Nf1 Rxb4 51.Ne3+ Kg5 52.Ke1 a5 53.Kd2 a4 
54.Nc2 Rb3 55.Nc1 1/2-1/2

[Event "21st Asia-ch (w)"]
[Site "Chengdu CHN"]
[Date "2017.05.17"]
[Round "6.24"]
[White "Khallaeva, Bakhar"]
[Black "Ovezdurdieva, Jemal"]
[Result "1/2-1/2"]
[WhiteElo "2085"]
[BlackElo "2016"]
[EventDate "2017.05.12"]
[PlyCount "135"]

1.e4 c5 2.c3 d5 3.exd5 Qxd5 4.d4 Nf6 5.Nf3 Bg4 6.Nbd2 Nc6 7.Bc4 Bxf3 8.Qb3
Na5 9.Qb5+ Qd7 10.Nxf3 Nxc4 11.Qxc4 cxd4 12.Nxd4 e6 13.O-O Be7 14.Bg5 O-O 
15.Rad1 Rad8 16.Qe2 Nd5 17.Bxe7 Qxe7 18.Rfe1 Qc5 19.Qe5 Qc4 20.a3 Nf6 21.
Qe2 Qxe2 22.Nxe2 Rfe8 23.Kf1 Kf8 24.Nd4 Rd7 25.Nb5 a6 26.Rxd7 Nxd7 27.Rd1 
Ne5 28.Nd6 Rd8 29.Ke2 Ke7 30.Nxb7 Rb8 31.Nc5 Rxb2+ 32.Rd2 Rb6 33.f4 Rc6 
34.Nxa6 Ng6 35.Nb4 Rxc3 36.g3 Rxa3 37.Nc6+ Kf6 38.Rc2 e5 39.fxe5+ Nxe5 40.
Nxe5 Kxe5 41.Kf2 g5 42.Rc5+ Kf6 43.Rc7 h5 44.h4 g4 45.Rc6+ Kg7 46.Rc5 Rf3+
47.Kg2 Kh6 48.Re5 f6 49.Re8 Rf5 50.Rh8+ Kg6 51.Rg8+ Kf7 52.Ra8 Rd5 53.Ra2 
Ke6 54.Re2+ Re5 55.Rf2 Re4 56.Rc2 Rd4 57.Re2+ Kf5 58.Rf2+ Ke5 59.Re2+ Kd5 
60.Rf2 Ke5 61.Re2+ Re4 62.Rc2 f5 63.Rc5+ Kf6 64.Rc6+ Re6 65.Rc8 Re2+ 66.
Kf1 Re5 67.Rb8 Rd5 68.Rf8+ 1/2-1/2

[Event "21st Asia-ch (w)"]
[Site "Chengdu CHN"]
[Date "2017.05.17"]
[Round "6.25"]
[White "Hamedi Nia, Vesal"]
[Black "Khan, Nazrana"]
[Result "1-0"]
[WhiteElo "1998"]
[BlackElo "1912"]
[EventDate "2017.05.12"]
[PlyCount "71"]

1.d4 d5 2.c4 e6 3.Nc3 Nf6 4.cxd5 exd5 5.Bg5 Be7 6.e3 c6 7.Qc2 Nbd7 8.Bd3 
O-O 9.Nf3 Re8 10.O-O Nf8 11.Rab1 a5 12.a3 g6 13.b4 axb4 14.axb4 Ne6 15.Bh4
Ng7 16.b5 Nf5 17.Bxf6 Bxf6 18.bxc6 bxc6 19.Na4 Ne7 20.Nc5 Bf5 21.Bxf5 Nxf5
22.Rb7 Re7 23.Rb2 Nd6 24.Nd2 Rea7 25.Nd3 Rc7 26.Rb6 Rac8 27.Rc1 Kg7 28.Nb4
Qd7 29.Na6 Rb7 30.Nc5 Qc7 31.Nxb7 Qxb6 32.Nxd6 Rd8 33.Rb1 Qa6 34.Nb7 Re8 
35.Nc5 Be7 36.Nxa6 1-0

[Event "21st Asia-ch (w)"]
[Site "Chengdu CHN"]
[Date "2017.05.18"]
[Round "7.7"]
[White "Soumya, Swaminathan"]
[Black "Nguyen Thi Mai Hung"]
[Result "1/2-1/2"]
[WhiteElo "2359"]
[BlackElo "2257"]
[EventDate "2017.05.12"]
[PlyCount "98"]

1.e4 e6 2.d4 d5 3.Nc3 Nf6 4.e5 Nfd7 5.f4 c5 6.Nf3 Nc6 7.Be3 Be7 8.Qd2 O-O 
9.dxc5 Nxc5 10.O-O-O a6 11.Kb1 b5 12.Bxc5 Bxc5 13.Bd3 f5 14.exf6 Rxf6 15.
Rhe1 b4 16.Ne2 Qc7 17.Ng5 h6 18.Nh7 Rf7 19.Bg6 Ne7 20.Bxf7+ Kxf7 21.f5 Kg8
22.Nf6+ gxf6 23.Qxh6 Nxf5 24.Qxf6 Qf7 25.Qd8+ Qf8 26.Rxd5 exd5 27.Qxd5+ 
Be6 28.Qxe6+ Kh7 29.Nf4 Ng7 30.Qh3+ Kg8 31.Ng6 Re8 32.Qh8+ Kf7 33.Qxf8+ 
Bxf8 34.Rxe8 Nxe8 35.Nxf8 Kxf8 36.a3 bxa3 37.b3 Ke7 38.Ka2 Nf6 39.Kxa3 Ng4
40.Ka4 Nxh2 41.Ka5 Nf1 42.Kxa6 Ne3 43.c4 Nxg2 44.b4 Nf4 45.b5 Ne6 46.b6 
Nc5+ 47.Ka7 Kd6 48.b7 Nxb7 49.Kxb7 Kc5 1/2-1/2

[Event "21st Asia-ch (w)"]
[Site "Chengdu CHN"]
[Date "2017.05.18"]
[Round "7.14"]
[White "Tan Li Ting"]
[Black "Chu Ruotong"]
[Result "1/2-1/2"]
[WhiteElo "2091"]
[BlackElo "2251"]
[EventDate "2017.05.12"]
[PlyCount "88"]

1.Nf3 Nf6 2.c4 g6 3.b3 Bg7 4.Bb2 c5 5.g3 d6 6.Bg2 e5 7.O-O O-O 8.Nc3 Nc6 
9.d3 h6 10.Ne1 Be6 11.Nd5 Rb8 12.Nc2 Qd7 13.Qd2 Kh7 14.b4 b5 15.Nxf6+ Bxf6
16.cxb5 Rxb5 17.a4 Rbb8 18.b5 Nd4 19.Nxd4 exd4 20.e3 dxe3 21.fxe3 Bxb2 22.
Qxb2 d5 23.Rac1 Rfc8 24.Qa3 Qc7 25.d4 c4 26.e4 dxe4 27.Bxe4 Qb6 28.Qe3 Rd8
29.Rcd1 Rd6 30.Qf2 f5 31.Bc6 Rbd8 32.Rfe1 Kg8 33.Rc1 Bf7 34.d5 Bxd5 35.
Qxb6 axb6 36.Bxd5+ Rxd5 37.Rxc4 Kf7 38.Rc6 R8d6 39.Rec1 Ke6 40.Kf2 Rd2+ 
41.Ke3 Rd3+ 42.Ke2 Rd2+ 43.Ke3 Rd3+ 44.Ke2 Rd2+ 1/2-1/2

[Event "21st Asia-ch (w)"]
[Site "Chengdu CHN"]
[Date "2017.05.18"]
[Round "7.15"]
[White "Geldieva, Mekhri"]
[Black "Zhao Shengxin"]
[Result "1/2-1/2"]
[WhiteElo "2169"]
[BlackElo "2155"]
[EventDate "2017.05.12"]
[PlyCount "122"]

1.d4 d5 2.Nf3 Nf6 3.Bf4 c5 4.e3 Nc6 5.c3 Qb6 6.Qc1 Bf5 7.Be2 h6 8.Ne5 e6 
9.O-O Be7 10.Nd2 O-O 11.h3 Rac8 12.Ndf3 Rfd8 13.g4 Bh7 14.g5 hxg5 15.Nxg5 
cxd4 16.Nxc6 bxc6 17.Nxh7 Nxh7 18.exd4 c5 19.dxc5 Bxc5 20.Bd3 Nf6 21.Rb1 
d4 22.c4 Bd6 23.Bg5 Be7 24.Qe1 e5 25.f4 Bb4 26.Qxe5 Re8 27.Qb5 Qxb5 28.
cxb5 Re3 29.Rbd1 Nh5 30.Kg2 f6 31.Bg6 Ng3 32.Rf3 Ne4 33.Rxe3 dxe3 34.Bh4 
Nd2 35.Bd3 Rd8 36.Be2 Rd4 37.Bg3 f5 38.Rc1 Bd6 39.Rc3 Ne4 40.Rxe3 Nxg3 41.
Rxg3 Rd2 42.Kf3 Rxb2 43.Rg6 Bxf4 44.Kxf4 Rxe2 45.Ra6 Rf2+ 46.Kg3 Rb2 47.a4
g5 48.Rxa7 Rb3+ 49.Kf2 Rb2+ 50.Ke3 f4+ 51.Kf3 Rb3+ 52.Kf2 Rb2+ 53.Ke1 Rb1+
54.Kd2 Rb2+ 55.Ke1 Rb1+ 56.Kf2 Rb2+ 57.Kf3 Rb3+ 58.Kg2 Rg3+ 59.Kf2 Rb3 60.
Kg2 f3+ 61.Kf2 Kf8 1/2-1/2

[Event "21st Asia-ch (w)"]
[Site "Chengdu CHN"]
[Date "2017.05.18"]
[Round "7.16"]
[White "Du Yuxin"]
[Black "Atabaeva, Gozel"]
[Result "0-1"]
[WhiteElo "2046"]
[BlackElo "1990"]
[EventDate "2017.05.12"]
[PlyCount "86"]

1.e4 c5 2.Nf3 Nc6 3.Bb5 g6 4.Bxc6 bxc6 5.O-O Bg7 6.Re1 Nh6 7.d3 O-O 8.Nc3 
f5 9.e5 Nf7 10.Bf4 Qb6 11.Na4 Qa5 12.c4 h6 13.h4 d6 14.Rc1 Qd8 15.e6 Nh8 
16.d4 cxd4 17.Nxd4 Bb7 18.Qd2 Kh7 19.Rcd1 c5 20.Nb5 Qc8 21.f3 Qc6 22.b3 
Rg8 23.Re2 g5 24.hxg5 Ng6 25.gxh6 Bf6 26.Bg5 Ne5 27.f4 Bxg5 28.fxg5 Rg6 
29.Nbc3 Rag8 30.Nd5 Rxg5 31.Qf4 Qe8 32.Nxc5 Bxd5 33.Rxd5 Qh5 34.Rdxe5 dxe5
35.Qxe5 Qf3 36.Qb2 Rh5 37.Rf2 Qe3 38.Nd7 Qxh6 39.Kf1 Qxe6 40.Ne5 Rh1+ 41.
Ke2 Rg4 42.Kf3 Re4 43.Re2 Rf1+ 0-1

[Event "21st Asia-ch (w)"]
[Site "Chengdu CHN"]
[Date "2017.05.18"]
[Round "7.18"]
[White "Song Yuxin"]
[Black "Liu Shilan"]
[Result "1/2-1/2"]
[WhiteElo "1977"]
[BlackElo "2234"]
[EventDate "2017.05.12"]
[PlyCount "123"]

1.e4 c5 2.c3 e6 3.d4 d5 4.exd5 Qxd5 5.Nf3 Nf6 6.Be2 Nc6 7.Be3 cxd4 8.cxd4 
Bb4+ 9.Nc3 O-O 10.O-O Bxc3 11.bxc3 b6 12.Qc2 Bb7 13.Rfd1 Rac8 14.c4 Qd6 
15.Qb2 Qb4 16.Qxb4 Nxb4 17.Ne5 Rfd8 18.a3 Nc2 19.Rac1 Nxe3 20.fxe3 Nd7 21.
Bf3 Bxf3 22.gxf3 Nxe5 23.dxe5 Rxd1+ 24.Rxd1 g6 25.Rd4 Rc5 26.f4 Ra5 27.Rd3
Kf8 28.Kf2 Ke7 29.Ke2 Ra4 30.Rc3 Kd7 31.Kd3 Kc6 32.Kc2 Ra5 33.Rd3 Kc7 34.
Kb3 Rc5 35.e4 a6 36.Rh3 h5 37.a4 Kc6 38.Rd3 g5 39.fxg5 Rxe5 40.Rf3 Rxg5 
41.Rxf7 Rg4 42.Rh7 h4 43.e5 Re4 44.Rh6 Re3+ 45.Kc2 Rxe5 46.Rxh4 Kc5 47.Kd3
Rf5 48.Rh6 Kd6 49.Rh8 Rf3+ 50.Kd4 e5+ 51.Ke4 Rf4+ 52.Kd3 a5 53.Rd8+ Kc7 
54.Rd5 Rf3+ 55.Ke4 Rh3 56.Rxe5 Rxh2 57.c5 Re2+ 58.Kd5 Rxe5+ 59.Kxe5 bxc5 
60.Kd5 Kb6 61.Ke4 Kc6 62.Ke5 1/2-1/2

[Event "21st Asia-ch (w)"]
[Site "Chengdu CHN"]
[Date "2017.05.18"]
[Round "7.19"]
[White "Ning Kaiyu"]
[Black "Nie Xin"]
[Result "1/2-1/2"]
[WhiteElo "2134"]
[BlackElo "2045"]
[EventDate "2017.05.12"]
[PlyCount "86"]

1.d4 Nf6 2.c4 e6 3.Nf3 d5 4.e3 a6 5.Nc3 dxc4 6.Bxc4 b5 7.Be2 Bb7 8.O-O 
Nbd7 9.b3 c5 10.Bb2 Qb6 11.a4 cxd4 12.Nxd4 b4 13.Nb1 e5 14.Nf3 Rd8 15.Nbd2
Qe6 16.Bc4 Qc6 17.e4 Bd6 18.Rc1 Nc5 19.Bxe5 Nfxe4 20.Nxe4 Bxe5 21.Nxe5 
Qxe4 22.Qf3 Qxc4 23.Rxc4 Bxf3 24.Nxf3 Nd3 25.Re4+ Kf8 26.Rd1 Rd7 27.Rxb4 
Ke7 28.Re4+ Kf6 29.g4 Rhd8 30.Re3 g5 31.Kf1 h6 32.Rd2 a5 33.Ne1 Nf4 34.Rc2
Rd4 35.Rc6+ R8d6 36.Rec3 Rxc6 37.Rxc6+ Ne6 38.h3 Rb4 39.Ra6 Rxb3 40.f3 Ra3
41.Rxa5 Nf4 42.h4 Ra1 43.hxg5+ hxg5 1/2-1/2

[Event "21st Asia-ch (w)"]
[Site "Chengdu CHN"]
[Date "2017.05.18"]
[Round "7.20"]
[White "Frayna, Janelle Mae"]
[Black "Doan Thi Van Anh"]
[Result "1-0"]
[WhiteElo "2287"]
[BlackElo "1997"]
[EventDate "2017.05.12"]
[PlyCount "97"]

1.Nf3 d5 2.c4 c6 3.e3 Nf6 4.Nc3 Bg4 5.Qb3 Qb6 6.Ne5 e6 7.Nxg4 Nxg4 8.d4 
Na6 9.c5 Qxb3 10.axb3 Nc7 11.b4 a6 12.f3 Nf6 13.Bd3 g6 14.e4 dxe4 15.fxe4 
Rd8 16.Bf4 Rxd4 17.O-O-O Rd7 18.Be2 Be7 19.Be5 Rf8 20.Rhf1 Nxe4 21.Nxe4 
Nd5 22.Rf3 f5 23.Nd6+ Bxd6 24.Bxd6 Rg8 25.Bc4 Kf7 26.Re1 Re8 27.Bxd5 cxd5 
28.Kd2 g5 29.Kd3 Kf6 30.Kd4 h5 31.g3 Rh7 32.h4 gxh4 33.gxh4 Rg8 34.Rfe3 
Rg4+ 35.Kd3 Re4 36.Rxe4 dxe4+ 37.Kd4 Rd7 38.Rg1 Rd8 39.Ke3 e5 40.Rg5 Rh8 
41.b3 Rh7 42.Rg8 Rh6 43.Rf8+ Ke6 44.Re8+ Kf6 45.Bxe5+ Kf7 46.Rb8 Ke6 47.
Bf4 Rh7 48.Rd8 Re7 49.Bg5 1-0

[Event "21st Asia-ch (w)"]
[Site "Chengdu CHN"]
[Date "2017.05.18"]
[Round "7.21"]
[White "Mukhit, Aisezym"]
[Black "Wen Yili"]
[Result "0-1"]
[WhiteElo "2034"]
[BlackElo "1723"]
[EventDate "2017.05.12"]
[PlyCount "114"]

1.e4 e5 2.Nf3 Nc6 3.Bc4 Bc5 4.c3 Nf6 5.d3 d6 6.O-O O-O 7.Nbd2 a6 8.Bb3 Ba7
9.Re1 Re8 10.Nf1 Be6 11.Ng3 Bxb3 12.Qxb3 Qd7 13.h3 h6 14.Nh4 d5 15.Nhf5 
Bb6 16.Qc2 Rad8 17.exd5 Nxd5 18.Qe2 Nf6 19.Rd1 Qd5 20.b4 a5 21.c4 Qd7 22.
c5 Ba7 23.a3 b6 24.b5 Nd4 25.Nxd4 exd4 26.c6 Rxe2 27.cxd7 Rc2 28.Nf5 Rxd7 
29.Re1 Rc5 30.Ne7+ Kf8 31.Nc6 Rxb5 32.Nxa7 Rb3 33.Rd1 Nd5 34.Nc6 Nc3 35.
Rd2 Na4 36.Ne5 Re7 37.f4 Ke8 38.Kf2 f6 39.Nc6 Rd7 40.Re2+ Kf7 41.Re4 Rxd3 
42.Ke2 Nc5 43.Rb1 Rd1 44.Kxd1 Nxe4 45.Bd2 Ke6 46.Ke2 Kd5 47.Na7 Re7 48.Kd1
Nf2+ 49.Kc1 Re2 50.Nb5 Ne4 51.Nxc7+ Kc6 52.Bxa5 bxa5 53.Ne6 Kd5 54.Nxg7 d3
55.Nf5 Rc2+ 56.Kd1 Nc3+ 57.Ke1 d2+ 0-1

[Event "21st Asia-ch (w)"]
[Site "Chengdu CHN"]
[Date "2017.05.18"]
[Round "7.22"]
[White "Omurbekova, Diana"]
[Black "Hamedi Nia, Vesal"]
[Result "0-1"]
[WhiteElo "1822"]
[BlackElo "1998"]
[EventDate "2017.05.12"]
[PlyCount "144"]

1.e4 c5 2.Nf3 e6 3.d3 Nc6 4.g3 d5 5.Nbd2 Nf6 6.Bg2 Be7 7.O-O O-O 8.e5 Nd7 
9.Re1 Qc7 10.Qe2 b5 11.Nf1 Re8 12.Bf4 Bb7 13.h4 h6 14.N1h2 Nf8 15.Ng4 Ng6 
16.Bxh6 gxh6 17.h5 Kg7 18.hxg6 fxg6 19.c4 bxc4 20.dxc4 h5 21.Nf6 Bxf6 22.
exf6+ Kxf6 23.cxd5 exd5 24.Qxe8 Rxe8 25.Rxe8 Qd6 26.Rae1 Nd8 27.Ne5 Bc8 
28.Rd1 Be6 29.f4 d4 30.b3 Nf7 31.Re1 Nd8 32.Rd1 Nf7 33.Nd3 Bd5 34.Bh3 g5 
35.fxg5+ Nxg5 36.Rf1+ Nf3+ 37.Kg2 Kg7 38.Rxf3 Bxf3+ 39.Kxf3 Qc6+ 40.Re4 
Qf6+ 41.Kg2 Qc6 42.Kf3 a5 43.Nf4 Kh6 44.Be6 Qb5 45.Bc4 Qb7 46.Nd3 Qc6 47.
Ne5 Qf6+ 48.Ke2 Qf5 49.Bd3 Qh3 50.Rf4 Qe6 51.Re4 Qh3 52.Kd2 Qg2+ 53.Re2 
Qxg3 54.Nd7 Qf4+ 55.Kc2 Kg5 56.Re5+ Kh6 57.Rxc5 Qh2+ 58.Kb1 Qd6 59.Bb5 
Qg6+ 60.Kb2 Qg2+ 61.Rc2 Qg4 62.Kb1 d3 63.Rd2 Qg1+ 64.Kb2 Qg7+ 65.Kb1 Qg5 
66.Rxd3 Qxb5 67.Rd1 h4 68.Kc2 Qc6+ 69.Kb2 h3 70.Rd2 Qg2 71.Rxg2 hxg2 72.
Ka3 g1=Q 0-1

[Event "21st Asia-ch (w)"]
[Site "Chengdu CHN"]
[Date "2017.05.18"]
[Round "7.25"]
[White "Khan, Nazrana"]
[Black "Bayar Anu"]
[Result "0-1"]
[WhiteElo "1912"]
[BlackElo "2067"]
[EventDate "2017.05.12"]
[PlyCount "72"]

1.d4 Nf6 2.Nf3 c5 3.d5 e6 4.c4 exd5 5.cxd5 g6 6.Nc3 d6 7.e4 Bg7 8.Bb5+ Bd7
9.Be2 O-O 10.O-O Bg4 11.h3 Bxf3 12.Bxf3 a6 13.a4 Nbd7 14.Bf4 Qe7 15.a5 Ne8
16.Re1 Ne5 17.Na4 Nc7 18.Nb6 Rab8 19.Be2 Nb5 20.Bxb5 axb5 21.Qe2 c4 22.
Bxe5 Bxe5 23.Rab1 Qc7 24.Qe3 Rfe8 25.g3 Re7 26.Re2 Rbe8 27.f4 Bg7 28.e5 
Bxe5 29.Rd2 Bxb2 30.Qf2 c3 31.Rc2 b4 32.Kg2 b3 33.Rcxb2 cxb2 34.Rxb2 Qc3 
35.Na4 Qxa5 36.Qd4 Re4 0-1

[Event "21st Asia-ch (w)"]
[Site "Chengdu CHN"]
[Date "2017.05.19"]
[Round "8.3"]
[White "Gomes, Mary Ann"]
[Black "Pham Le Thao Nguyen"]
[Result "1/2-1/2"]
[WhiteElo "2318"]
[BlackElo "2331"]
[EventDate "2017.05.12"]
[PlyCount "82"]

1.Nf3 d5 2.g3 c6 3.Bg2 Nf6 4.b3 Bg4 5.Bb2 Nbd7 6.d3 Qc7 7.Nbd2 e5 8.e4 Bb4
9.c3 Bd6 10.Qe2 a5 11.h3 Bh5 12.O-O O-O 13.Rfe1 Rfe8 14.Nf1 Nc5 15.Qc2 
dxe4 16.dxe4 Red8 17.Bc1 Be7 18.Bg5 h6 19.Bxf6 Bxf6 20.Ne3 Rd7 21.Red1 
Rad8 22.Rxd7 Rxd7 23.Rd1 Rxd1+ 24.Nxd1 Bg6 25.Nd2 Bg5 26.f3 b5 27.h4 Be7 
28.Kh2 f6 29.Ne3 Qd8 30.Bh3 Bf7 31.Ndf1 b4 32.cxb4 axb4 33.Nd2 Ne6 34.Bxe6
Bxe6 35.Ndc4 Bc5 36.Qd1 Qa8 37.Qd2 Kh7 38.g4 Qa7 39.h5 Bd4 40.Kg2 Bc3 41.
Qe2 Bc8 1/2-1/2

[Event "21st Asia-ch (w)"]
[Site "Chengdu CHN"]
[Date "2017.05.19"]
[Round "8.4"]
[White "Hoang Thi Bao Tram"]
[Black "Lei Tingjie"]
[Result "1/2-1/2"]
[WhiteElo "2371"]
[BlackElo "2482"]
[EventDate "2017.05.12"]
[PlyCount "86"]

1.d4 Nf6 2.Nf3 g6 3.g3 c5 4.Bg2 Bg7 5.O-O O-O 6.c4 cxd4 7.Qxd4 h6 8.Qh4 g5
9.Qd4 Nc6 10.Qd3 Ng4 11.c5 Qa5 12.h3 Nge5 13.Nxe5 Nxe5 14.Qc2 Nc6 15.Be3 
Nd4 16.Qc4 d5 17.Bxd5 b5 18.Qd3 Bf5 19.Be4 Bxe4 20.Qxe4 f5 21.Qd3 Rad8 22.
Bxd4 Bxd4 23.Qb3+ Kg7 24.Na3 b4 25.Nc4 Qxc5 26.Rac1 Rc8 27.Qd3 Rcd8 28.Qb3
Kh8 29.Qf3 Bg7 30.b3 Qd5 31.Qxd5 Rxd5 32.Rfd1 Rfd8 33.Rxd5 Rxd5 34.Ne3 Ra5
35.Rc7 e6 36.Rc6 f4 37.gxf4 gxf4 38.Nc4 Rxa2 39.Rxe6 Ra1+ 40.Kg2 Rb1 41.
Na5 Ra1 42.Nc4 Rb1 43.Na5 Ra1 1/2-1/2

[Event "21st Asia-ch (w)"]
[Site "Chengdu CHN"]
[Date "2017.05.19"]
[Round "8.5"]
[White "Nguyen Thi Mai Hung"]
[Black "Tokhiryonova, Gulrukhbegim"]
[Result "1/2-1/2"]
[WhiteElo "2257"]
[BlackElo "2299"]
[EventDate "2017.05.12"]
[PlyCount "76"]

1.d4 d5 2.Nf3 Nf6 3.Bf4 c6 4.Nbd2 Bf5 5.c4 Nbd7 6.Qb3 Qb6 7.c5 Qxb3 8.axb3
h6 9.h3 g5 10.Bh2 Bg7 11.b4 O-O 12.e3 Bc2 13.b5 cxb5 14.Bxb5 a6 15.Be2 Ne4
16.O-O Nxd2 17.Nxd2 Nb8 18.Rfc1 Bf5 19.Nb3 Nc6 20.Na5 Nxa5 21.Rxa5 Bd7 22.
Rc3 Bc6 23.Bd1 f6 24.Ba4 Bxa4 25.Rxa4 e5 26.Rb3 Rf7 27.Rab4 Ra7 28.f4 a5 
29.Ra4 gxf4 30.exf4 exd4 31.f5 Bf8 32.Rb5 Ra6 33.Rxd4 Rd7 34.Kf1 Rc6 35.
Bd6 Bxd6 36.Rxd5 b6 37.Rxb6 Rxc5 38.Rdxd6 Rxf5+ 1/2-1/2

[Event "21st Asia-ch (w)"]
[Site "Chengdu CHN"]
[Date "2017.05.19"]
[Round "8.6"]
[White "Nandhidhaa, Venkatachalam"]
[Black "Nguyen Thi Thanh An"]
[Result "1/2-1/2"]
[WhiteElo "2252"]
[BlackElo "2280"]
[EventDate "2017.05.12"]
[PlyCount "121"]

1.e4 g6 2.d4 Bg7 3.Nc3 c6 4.a4 d6 5.h3 Nf6 6.Nf3 Qa5 7.Bd3 Nbd7 8.O-O O-O 
9.Bg5 e5 10.dxe5 Nxe5 11.Nxe5 dxe5 12.Qf3 Nh5 13.Bc4 Qb4 14.b3 h6 15.Bc1 
Be6 16.Ba3 Qa5 17.Bxe6 fxe6 18.Bxf8 Rxf8 19.Qe3 Rf7 20.Rad1 Bf8 21.Ne2 Kg7
22.Qc3 Bb4 23.Qc4 Qc5 24.Qxe6 Nf6 25.c3 Qe7 26.Qxe7 Bxe7 27.f3 a5 28.Rd3 
Bc5+ 29.Kh2 Nxe4 30.Rd8 Bb6 31.Re8 Nf6 32.Re6 Bc7 33.Rd1 Nd7 34.b4 axb4 
35.cxb4 Nb6 36.Nc3 e4+ 37.Kg1 exf3 38.gxf3 Nc4 39.Kg2 Be5 40.Rc1 Ne3+ 41.
Kh1 Bxc3 42.Rxc3 Nd5 43.Rb3 Nf4 44.Rd6 Nxh3 45.b5 Ng5 46.bxc6 bxc6 47.Rxc6
Nxf3 48.Rbb6 Nh4 49.a5 h5 50.a6 Rf1+ 51.Kh2 Ra1 52.Rb7+ Kh6 53.a7 Ra2+ 54.
Kg3 Kg5 55.Rc8 Nf5+ 56.Kf3 Ra3+ 57.Kf2 Nd6 58.Rc5+ Kf4 59.Rb4+ Ne4+ 60.
Rxe4+ Kxe4 61.Rg5 1/2-1/2

[Event "21st Asia-ch (w)"]
[Site "Chengdu CHN"]
[Date "2017.05.19"]
[Round "8.9"]
[White "Atabaeva, Gozel"]
[Black "Soumya, Swaminathan"]
[Result "0-1"]
[WhiteElo "1990"]
[BlackElo "2359"]
[EventDate "2017.05.12"]
[PlyCount "136"]

1.e4 c5 2.Nf3 Nc6 3.d4 cxd4 4.Nxd4 Nf6 5.Nc3 d6 6.Bg5 e6 7.Qd2 a6 8.O-O-O 
Bd7 9.f3 Be7 10.g4 h5 11.gxh5 Rxh5 12.Be3 b5 13.Rg1 g6 14.a3 Qb8 15.Nce2 
Nxd4 16.Nxd4 e5 17.Nb3 Qc7 18.Qf2 Rb8 19.Bd2 Be6 20.Ba5 Qc6 21.Kb1 d5 22.
exd5 Bxd5 23.Rg3 Be6 24.Bd3 Nd5 25.Qd2 Nf4 26.Be4 Qc4 27.Qf2 f5 28.Bd3 Qc6
29.Qe3 Nxd3 30.Qxd3 Kf7 31.Qe2 Rc8 32.Bc3 Bf6 33.Rd2 Qc7 34.Qd1 Rh4 35.Ba5
Qc4 36.Bb4 Rd4 37.Rgg2 Rcd8 38.Rxd4 exd4 39.Nc1 Ra8 40.Qd2 Qf1 41.Rg3 Rh8 
42.Qf4 Qc4 43.Qd6 a5 44.b3 Qc8 45.Bxa5 Rxh2 46.Qc7+ Qxc7 47.Bxc7 Rh1 48.a4
bxa4 49.bxa4 Bh4 50.Rg2 Bf6 51.f4 Bd5 52.Rf2 Re1 53.a5 Be4 54.Be5 Bxe5 55.
fxe5 Ke6 56.Kb2 Kxe5 57.a6 Rh1 58.Nb3 Rh8 59.Ka3 Ra8 60.Nc5 g5 61.Kb4 g4 
62.Kb5 g3 63.Re2 g2 64.Re1 Kf4 65.Kb6 Kf3 66.Nxe4 fxe4 67.Kb7 Rg8 68.a7 e3
0-1

[Event "21st Asia-ch (w)"]
[Site "Chengdu CHN"]
[Date "2017.05.19"]
[Round "8.10"]
[White "Mohota, Nisha"]
[Black "Xiao Yiyi"]
[Result "1/2-1/2"]
[WhiteElo "2260"]
[BlackElo "2287"]
[EventDate "2017.05.12"]
[PlyCount "53"]

1.e4 e5 2.Nf3 Nc6 3.Nc3 Nf6 4.Bb5 Bb4 5.O-O O-O 6.d3 d6 7.Ne2 Ne7 8.c3 Ba5
9.Ng3 Ng6 10.d4 c6 11.Bd3 Re8 12.h3 h6 13.Re1 Bb6 14.Be3 Nh7 15.Qd2 Nh4 
16.Nxh4 Qxh4 17.dxe5 Bxe3 18.Qxe3 dxe5 19.Bc4 Nf8 20.Qf3 Qf4 21.Qe2 Be6 
22.Rad1 Rad8 23.Bxe6 Nxe6 24.Nf5 Qg5 25.h4 Qf6 26.g3 Kh7 27.Qe3 1/2-1/2

[Event "21st Asia-ch (w)"]
[Site "Chengdu CHN"]
[Date "2017.05.19"]
[Round "8.15"]
[White "Zhao Shengxin"]
[Black "Tan Li Ting"]
[Result "1/2-1/2"]
[WhiteElo "2155"]
[BlackElo "2091"]
[EventDate "2017.05.12"]
[PlyCount "39"]

1.d4 e6 2.c4 Nf6 3.g3 d5 4.Bg2 dxc4 5.Nf3 a6 6.Ne5 Bb4+ 7.Nc3 Nd5 8.Bd2 b5
9.O-O Bxc3 10.bxc3 O-O 11.a4 f6 12.Nf3 Bb7 13.Qc2 c6 14.e4 Nb6 15.axb5 
axb5 16.Rxa8 Bxa8 17.Rd1 N8d7 18.Bc1 Re8 19.Ba3 Qc7 20.h4 1/2-1/2